|
|
|
|
| LEADER |
00707nam a2200205Ia 4500 |
| 001 |
TDMU_18596 |
| 008 |
210410s9999 xx 000 0 und d |
| 082 |
|
|
|a 520.076
|
| 090 |
|
|
|b PH104
|
| 100 |
|
|
|a Phạm, Viết Trinh
|
| 245 |
|
0 |
|a Bài tập thiên văn
|
| 245 |
|
0 |
|c Phạm Viết Trinh (chủ biên), Phan Văn Đồng, Lê Phước Lộc
|
| 260 |
|
|
|a H.
|
| 260 |
|
|
|b Giáo dục Việt Nam
|
| 260 |
|
|
|c 2010
|
| 300 |
|
|
|a 159 tr.
|
| 650 |
|
|
|a Địa lí thiên văn; Thiên văn học
|
| 700 |
|
|
|a Phan, Văn Đồng
|
| 856 |
|
|
|u http://lrc.tdmu.edu.vn/opac/search/detail.asp?aID=2&ID=18596
|
| 980 |
|
|
|a Trung tâm Học liệu Trường Đại học Thủ Dầu Một
|